Normal view
MARC view
- Alonso, Alicia,
Entry Nom personal
001 - NÚMERO DE CONTROL
- campo de control: 165673
003 - IDENTIFICADOR DEL NÚMERO DE CONTROL
- campo de control: ES-BaIT
005 - FECHA Y HORA DE LA ÚLTIMA TRANSACCIÓN
- campo de control: 20250430092249.0
008 - DATOS DE LONGITUD FIJA
- campo de control de longitud fija: 250430|| aca||aabn | a|a d
040 ## - FUENTE DE LA CATALOGACIÓN
- Centro catalogador/agencia de origen: ES-BaIT
100 1# - ENCABEZAMIENTO-NOMBRE DE PERSONA
- Nombre de persona: Alonso, Alicia,
- Fechas asociadas al nombre: 1920-2019
- Subdivisión general: Exposicions


